Introductory industrial sociology (Record no. 4038)

MARC details
000 -LEADER
fixed length control field 00567cam a2200193ua 4500
008 - FIXED-LENGTH DATA ELEMENTS--GENERAL INFORMATION
fixed length control field 131002n ii |||gr||||Z||||||eng
040 ## - CATALOGING SOURCE
Transcribing agency MAIN
082 ## - DEWEY DECIMAL CLASSIFICATION NUMBER
Classification number 306.36
100 ## - MAIN ENTRY--PERSONAL NAME
Personal name Sharma, R. N.,
Dates associated with a name 1931,
245 ## - TITLE STATEMENT
Title Introductory industrial sociology
Statement of responsibility, etc. by R. N. Sharma
250 ## - EDITION STATEMENT
Edition statement 1st.
260 ## - PUBLICATION, DISTRIBUTION, ETC.
Place of publication, distribution, etc. Bombay:
Name of publisher, distributor, etc. Media promoters &publishers pvt. ltd.,
Date of publication, distribution, etc. 2006.
300 ## - PHYSICAL DESCRIPTION
Extent 440p:
Dimensions 23cm.
700 ## - ADDED ENTRY--PERSONAL NAME
Personal name Sharma, R. K.,
Dates associated with a name 1962,
942 ## - ADDED ENTRY ELEMENTS (KOHA)
Koha item type Books
100 ## - MAIN ENTRY--PERSONAL NAME
Fuller form of name (Ram Nath Sharma).
653 ## - INDEX TERM--UNCONTROLLED
Uncontrolled term Sociology
653 ## - INDEX TERM--UNCONTROLLED
Uncontrolled term Introductory industrial sociology
700 ## - ADDED ENTRY--PERSONAL NAME
Fuller form of name (Rajendra K. Sharma).
Holdings
Withdrawn status Lost status Damaged status Not for loan Home library Current library Shelving location Date acquired Total Checkouts Full call number Barcode Date last seen Copy number Price effective from Koha item type
        Central Library, Naharkatiya College Central Library, Naharkatiya College General Stacks 19/09/2020   306.36 | SHA 20435 19/09/2020 1 19/09/2020 Books
        Central Library, Naharkatiya College Central Library, Naharkatiya College General Stacks 19/09/2020   306.36 | SHA 21095 19/09/2020 2 19/09/2020 Books

Naharkatiya College © 2020. All rights reserved.

Powered By